00617nam a22002057a 450000500170000001000110001702000220002803500110005003700160006104000120007708200200008910000160010924501140012524600060023926000410024527000400028630000290032665000460035565000100040120170124110242.0 a811878 c00.00a0589008366 a811878 bCen Lib/Ret aDPLbEN a599.209931bDAF aDaff, Lily  aAn album of New Zealand birds : cby Lily Daffbthe royal forest and bird protection society of New Zealand / b  aA.H. & A.W. Reed bWellington c1974 a182, Wakefield street bWellington  a111p. :c28cm(pbk)bill. aBirds -- New Zealand -- Pictorial works.  aBirds